ბათუმის შოთა რუსთაველის სახელმწიფო უნივერსიტეტის ბიბლიოთეკა

ქართლის ცხოვრება (ბიბ.ჩანაწერი № 41920)

000 -LEADER
fixed length control field 00660nam a2200229Ia 4500
001 - CONTROL NUMBER
control field 8604
003 - CONTROL NUMBER IDENTIFIER
control field GE_BSU
008 - FIXED-LENGTH DATA ELEMENTS--GENERAL INFORMATION
fixed length control field 181216s||||||||xx |||||||||||||| ||und||
040 ## - CATALOGING SOURCE
Transcribing agency GE_BSU
080 ## - UNIVERSAL DECIMAL CLASSIFICATION NUMBER
Universal Decimal Classification number 821.353.1-17
100 ## - MAIN ENTRY--PERSONAL NAME
Personal name თოდრია, ს
245 ## - TITLE STATEMENT
Title ქართლის ცხოვრება
245 ## - TITLE STATEMENT
Remainder of title სატირა
245 ## - TITLE STATEMENT
Statement of responsibility, etc. რედ: შ რადიანი
260 ## - PUBLICATION, DISTRIBUTION, ETC.
Place of publication, distribution, etc. ტფ.
260 ## - PUBLICATION, DISTRIBUTION, ETC.
Name of publisher, distributor, etc. სახელგამი
260 ## - PUBLICATION, DISTRIBUTION, ETC.
Date of publication, distribution, etc. 1936
300 ## - PHYSICAL DESCRIPTION
Extent 157 გვ; 1 ჩ. ფ. პორტრ. 21 სმ
653 ## - INDEX TERM--UNCONTROLLED
Uncontrolled term სატირა
653 ## - INDEX TERM--UNCONTROLLED
Uncontrolled term ქართლის ცხოვრება
942 ## - ADDED ENTRY ELEMENTS (KOHA)
Koha item type წიგნი
ეგზემპლარები
Withdrawn status Lost status Damaged status Not for loan Date acquired Barcode Date last seen Price effective from Koha item type
        2018-12-17 31002 2018-12-17 2018-12-17 წიგნი
        2018-12-17 31003 2018-12-17 2018-12-17 წიგნი
        2018-12-17 31004 2018-12-17 2018-12-17 წიგნი
        2018-12-17 31005 2018-12-17 2018-12-17 წიგნი
        2018-12-17 31006 2018-12-17 2018-12-17 წიგნი